00458nam a2200169Ia 4500008004100000020001800041050001400059100002000073245004500093245006100138260001500199260001600214260000900230300001400239300002500253300001000278180207s9999 xx 000 0 und d a9780439365511 bJ124 1997 aJackson, Alison aI know an old lady who swallowed a pie / cby Alison Jackson ; pictures by Judith Byron Schachner / aNew York : bScholastic, c1997 aunpaged : bcolor illustration ; c25cm.